[Event "EU-ch 16th"]
[Site "Jerusalem"]
[Date "2015.03.02"]
[Round "6"]
[White "Kovalev, Vladislav"]
[Black "Laznicka, Viktor"]
[Result "0-1"]
[WhiteElo "2531"]
[BlackElo "2670"]
[Annotator "Laznicka,V"]
[PlyCount "114"]
[EventDate "2015.02.24"]
[EventType "swiss"]
[EventRounds "11"]
[EventCountry "ISR"]
[SourceTitle "CBM 166"]
[Source "ChessBase"]
[SourceDate "2015.05.11"]
[SourceVersion "1"]
[SourceVersionDate "2015.05.11"]
[SourceQuality "1"]

1. e4 d5 2. exd5 Qxd5 3. Nc3 Qd8 {My idea was to play a rare opening. Guess,
who was my inspiration.} 4. d4 Nf6 5. Nf3 Bg4 6. h3 Bxf3 7. Qxf3 c6 8. Be3 (8.
Ne2 {was played by Caruana against Carlsen.}) (8. Qd3 {was played by Carlsen
transposing to a Caro-Kann.}) 8... e6 9. Bd3 Be7 10. O-O O-O {Every move was
quite logical from both sides so far. Now White has to come up with some sort
of plan.} 11. Ne4 {White wants to play c4 and break through in the centre.} Nd5
(11... Nbd7 12. c4 Nxe4 13. Bxe4 Bg5 14. d5 cxd5 15. cxd5 Bxe3 16. Qxe3 exd5
17. Bxd5 $14 {would be ideal for White.}) 12. c4 (12. Bd2 Nb4 13. Rad1 Nxd3 14.
Qxd3 Nd7 $11 {does not make much sense for White.}) 12... Nxe3 13. fxe3 (13.
Qxe3 Nd7 $11) 13... Nd7 14. c5 Nf6 $6 (14... f5 {had to be played, since the
pawn on c5 is sometimes hanging} 15. Nf2 Kh8 16. Bc2 e5 17. g4 e4 18. Qg2 g6 {
might be suddenly more pleasant for Black.}) 15. Nxf6+ Bxf6 16. b4 {Now Black
comes under pressure. It is not easy to break through in the centre, but what
else?} Bg5 (16... e5 17. Qf5 $18) (16... Qe7 17. b5 $14) (16... Re8 17. b5 $16)
17. Bc4 Qe7 (17... Qf6 18. Qg3 Qh6 19. Rf3 b5 20. Bb3 a5 21. bxa5 Rxa5 22. Raf1
Ra7 23. Kh1 $14 {the queen would be misplaced on h6.}) 18. Rab1 {White
prepares an attack against the c6- or b7-pawn.} Rad8 19. Kh1 g6 $6 (19... a6 {
could be less nasty:} 20. a4 e5 21. d5 e4 22. Qf5 cxd5 23. Bxd5 Rd7 24. b5 $14)
20. b5 Qc7 21. Rb3 (21. a4 $14 {was the correct move order to stop Black's
counterplay.}) 21... Be7 $2 (21... cxb5 {was the right moment to change the
plot} 22. Rxb5 b6 23. c6 Be7 24. Rbb1 Kg7 25. Rbc1 Rd6 26. Be2 Rd5 27. Qf2 f5
28. Bf3 Ra5 $11) 22. a4 $6 (22. bxc6 $16 bxc6 23. Ba6 {was quite easy, since}
Rb8 24. Rxb8 {loses the important pawn.}) 22... Rc8 $2 {Again a blunder.} 23.
a5 $2 (23. bxc6 bxc6 24. Ba6 $16) 23... Qxa5 24. bxc6 bxc6 25. Rfb1 {A
beautiful line stayed hidden. After 25.Rb7, Black could easily be trapped.} (
25. Rb7 Rc7 (25... Qd8 26. Rxa7 Rc7 27. Ra6 Qd7 28. Rb6 Bg5 29. Rfb1 Rd8 $14)
26. Rb8 {could be a really beautiful point} Rxb8 27. Qxf7+ Kh8 28. Qxe6 {
What an idea.} Kg7 29. Qe5+ Kh6 30. h4 {again, of course not easy to spot, now
White is winning} Rf8 31. Rxf8 Bxf8 32. Qf4+ Kg7 33. h5 h6 34. Qe5+ Kh7 35. Qf6
$1 gxh5 36. Kh2 $1 Bxc5 (36... Rb7 37. Qxf8 Qc7+ 38. Kg1 Rb1+ 39. Kf2 Rb2+ 40.
Kf3 $16) 37. dxc5 Qxc5 38. Bd3+ Kg8 39. Qd8+ $16) 25... Rc7 $2 {White still
has very good compensation for the pawn.} (25... Qd8 26. Kg1 Bg5 $11) 26. Qf1 (
26. Rf1 Kg7 27. Qf4 Rd7 28. Qe4 $14) 26... Rd7 27. Ra1 $6 (27. Qf3 Qc7 $11)
27... Qc7 {Now Black is getting his chances. The position is still equal, but
White has to be accurate. And it is not psychologically easy after you lose
such a big edge.} 28. Ba6 $6 (28. Rba3 $11) 28... Rb8 $6 (28... e5 $15 29. Rab1
exd4 30. Rb7 Qd8 31. Rxd7 Qxd7 32. Rb7 Qd8 33. exd4 Bf6 {would cause White
serious troubles.}) 29. Rxb8+ Qxb8 30. Rb1 $6 (30. Qf3 Qc7 31. Rb1 Bg5 $15)
30... Qg3 31. Qf3 Qxf3 32. gxf3 e5 33. dxe5 {After 33.Rb7 a very interesting
ending could emerge, probably a winning one for Black.} (33. Rb7 Rxb7 34. Bxb7
exd4 35. exd4 Bf6 36. d5 cxd5 37. Bxd5 a5 38. Bb3 Bd4 $17 (38... Kf8 $11 39.
Kg2 Ke7 40. Kg3 Bd4 41. c6 Bb6 42. h4 Bc7+ 43. Kg4 h5+ (43... f6 44. h5 Kd6 45.
hxg6 hxg6 46. Bc2 g5 47. Kf5 Kxc6 48. Kxf6 Bf4 49. Kf5 Kd5 50. Ba4 Kc4 51. Ke4
Kb4 52. Bd1 a4 53. Kd3 a3 54. Kc2 $11) (43... f5+ 44. Kg5 $11) 44. Kg5 Bd8 45.
Kf4 f6 (45... Kd6 46. Bxf7 a4 47. Bxg6 a3 48. Bf7 Bxh4 49. Ke3 $11) 46. Kg3 Kd6
47. Bc2 f5 48. Ba4 Kc5 49. Bb3 Kxc6 50. Bf7 Kd6 51. Bxg6 a4 (51... Ke6 52. Be8
$11) 52. Bxf5 a3 53. Bb1 $11) 39. c6 Be5 40. Kg2 Kf8 (40... Kg7 $11 41. Kf2 f6
42. Ke3 g5 43. Ke4 Kg6 44. Bc2 Kh5 45. Kd5 h6 46. Kc4 Kh4 47. Bf5 Bc7 48. Kd5 {
this is the key position of the ending, it seems White is holding now.} a4 (
48... Kg3 49. Bg4) (48... h5 49. Bg6 Kxh3 50. Bxh5 Kg3 51. Ke4 $11) 49. Kc4 Bd6
50. c7 Bxc7 51. Kb4 h5 (51... Kg3 52. Bg4 Kf4 53. Bh5 $11) 52. Bg6 $11) 41. Kf2
(41. h4 Ke7 42. Kh3 f5 $17) 41... Ke7 42. Ke3 f6 43. Kd3 (43. Bg8 h6 $17 (43...
a4 44. Kd3 a3 45. Kc2 h6 46. Kb3 Bd6 47. Bd5 g5 48. Bg8 f5 49. c7 Bxc7 50. Kxa3
$11) 44. f4 Bc7 45. Bh7 Kf7 (45... g5 46. fxg5 hxg5 47. Kd4 Kd6 48. Be4 a4 49.
Kc4 a3 50. Kb3 Ke5 51. Bh7 Bd6 52. c7 Bxc7 53. Kxa3 f5 54. Kb3 f4 55. Kc2 f3
56. Kd3 Kf4 57. Bg6 Kg3 58. Be4 $11) 46. f5 g5 47. Bg6+ Ke7 48. Bh5 Kd6 49. Bf3
a4 50. Kd4 a3 51. Kc3 Ke5 52. Kb3 Bd6 53. c7 Bxc7 54. Kxa3 Kf4 $17) (43. Ke4
Kd6 44. Bg8 h6 45. f4 Bb2 46. Bf7 f5+ 47. Kd3 g5 $17) 43... Kd6 44. Bg8 (44.
Ba4 Kc5 45. Kc2 Kd4 46. Bb3 Ke3 $17) 44... h6 45. Bf7 g5 46. Be8 (46. c7 Kxc7
47. Kc4 Kc6 48. Bh5 Kd6 49. Kb5 Bc3 50. Bg4 Ke5 51. Ka4 Kf4 $19) 46... Kc5 47.
Kc2 (47. Bd7 Kb4 48. Kc2 Kc4 49. Bg4 Kd4 50. Kb3 Ke3 51. Kc4 Kf4 52. Bh5 Kg3
53. Bg4 Kh4 54. Bf5 h5 55. Bg6 Kxh3 56. Bxh5 Kg3 57. Kd5 Kf4 58. Kc4 f5 $19)
47... Kd4 (47... Kb4 48. Kb1 a4 49. Ka2 Bd6 50. Bg6 a3 51. Bf7 $11) 48. Kb3 Ke3
49. Bh5 Kf4 50. Kc4 {now White is not in time} (50. Ka4 Bc7 51. Kb5 Kg3 52. Bg4
Kh4 53. Ka6 (53. Bf5 h5 54. Bg6 Kxh3 55. Bxh5 Kg3 $19) 53... h5 $17) 50... Kg3
51. Bg4 Kh4 52. Bf5 h5 $17 (52... Bc7 53. Kd4 h5 54. Bg6 Kxh3 55. Bxh5 f5 56.
Bg6 Kg2 57. f4 g4 58. Ke3 Bb6+ $19)) 33... Bxc5 34. e4 (34. Rb3 {would be
better, with good drawing chances.} Rd1+ 35. Kg2 Rc1 36. Rd3 (36. f4 Bb6 37.
Kf3 c5 38. Ke2 c4 39. Ra3 c3 40. f5 gxf5 41. Bd3 Kg7 42. Bxf5 h5 $15) 36... Bb6
37. Bb7 Rc2+ 38. Kg3 a5 39. f4 a4 40. Ra3 Rc4 41. Ba6 Re4 42. Kf3 Rb4 43. Bc8
$15) 34... Re7 35. f4 ({After} 35. Bb7 {it would be still very difficult to
convert an edge.} Rc7 $15 (35... Rxe5 36. Bxc6 Rh5)) 35... g5 36. fxg5 Rxe5 37.
Bb7 (37. Rb7 Rxe4 $17) (37. Rc1 $1 Rxg5 38. Bb7 {with still good chances to
hold.}) 37... Rxe4 38. Bxc6 (38. Rc1 Re5 39. h4 Bf2 $17) (38. Kg2 Re6 (38...
Be3 39. Kf3 Re6 (39... Re5 40. h4 c5) 40. h4 Kg7 41. Re1) 39. h4 Bd4 $15) 38...
Rh4 {Now it is too late; the pawns are too weak.} 39. Rb3 Rh5 40. Rg3 (40. Rf3
Rxg5 41. Be8 Rg7 $17) 40... Be7 (40... Bd6 41. Rd3 $11) 41. Re3 Kf8 {The
a-pawn is too important. It is worth losing the h7-pawn in order to keep the
a-pawn.} (41... Bxg5 42. Ra3 Bf6 43. Rxa7 Rxh3+ 44. Kg2 Re3 45. Bd5 Be7 {
I would bet on a draw.}) 42. Be4 a5 43. Rf3 Rxg5 (43... Bxg5 44. Rf5 Rxh3+ 45.
Kg2 Re3 46. Rxg5 Rxe4 47. Rxa5 $11) 44. Bxh7 a4 {Due the king being cut off on
the h-file and the passed a-pawn the game should be over.} 45. Bc2 a3 46. Bb3
f6 47. Rc3 Bd6 48. Rc6 Ke7 49. Ra6 f5 50. Bc2 f4 51. Ra7+ Kd8 52. Be4 Rg3 53.
Bf5 Bc5 54. Ra5 f3 55. Rxc5 f2 56. Bd3 Rxd3 57. Kg2 Rd1 0-1

[Event "GER-ch 74th"]
[Site "Saarbruecken"]
[Date "2002.11.29"]
[Round "8"]
[White "Huebner, Robert"]
[Black "Luther, Thomas"]
[Result "0-1"]
[WhiteElo "2640"]
[BlackElo "2538"]
[Annotator "Lukacs,P"]
[PlyCount "92"]
[EventDate "2002.11.22"]
[EventType "swiss"]
[EventRounds "9"]
[EventCountry "GER"]
[SourceTitle "CBM 093"]
[Source "ChessBase"]
[SourceDate "2003.04.01"]
[SourceVersion "1"]
[SourceVersionDate "2003.04.01"]
[SourceQuality "1"]

{[%mdl 1]} 1. c4 {[%mdl 128]} c6 2. e4 d5 3. exd5 Nf6 4. Qa4 $6 {This allows
Black to play a real correct gambit line.} (4. Nc3 cxd5 5. cxd5 (5. d4 {
leads to the Panov Attack.}) 5... Nxd5 6. Nf3 Nc6 (6... Nxc3 7. bxc3 g6 {
- Balashov-Dreev, RUS-Cup Samara 1998 CBM 67}) 7. Bb5 {- J.Polgar-Dreev,
RUS-The World Moscow CBM 91}) (4. d4 cxd5 5. Nc3 {leads to the Panov Attack
again.}) 4... e6 $1 5. dxe6 (5. Nf3 exd5 6. cxd5 Nxd5 $15 {and White has a
weak isolated P without real attacking chances.}) (5. dxc6 {looks
overconfident.} Nxc6 6. Nf3 Bc5 7. Be2 O-O 8. O-O e5 {Black has a very strong
pressure for the P, he has a lead of development and play against the
weaknesses on the d <->.} 9. d3 h6 10. Nc3 Bf5 11. Qb5 Qe7 12. Be3 Nd4 13. Bxd4
exd4 14. Na4 b6 $44 {Artamonova-Spridinov, Kiev-ch 2002}) 5... Bc5 $1 {This is
the real gambit!} 6. Nf3 Ng4 {This is the most aggressive continuation.} (6...
Bxe6 7. Be2 Ng4 8. O-O Qb6 9. d4 Bxd4 10. Nxd4 Qxd4 11. Qb4 Nd7 12. Nc3 {
1/2:1/2 Hazai-A.Kiss, AUT-chT 1995}) 7. d4 (7. exf7+ Kxf7 8. d4 Re8+ 9. Be2
Bxd4 10. Rf1 Ne5 11. Nxe5+ Rxe5 $44 {and the white K in the middle is more
vulnerable than his colleague.}) 7... Bxd4 8. Nxd4 Qxd4 9. Qc2 Na6 $1 (9...
Bxe6 {allows White to consolidate his position.} 10. h3 Ne5 11. Be3 Qh4 12. Nd2
O-O 13. O-O-O $14) 10. Na3 $2 {White pushes too hard.} ({He had to go for an
_|_ after} 10. f3 Ne5 11. Qc3 Qxc3+ 12. Nxc3 Bxe6 $15) (10. Qd2 Qe5+ 11. Be2
Bxe6 $15 {gives again a much better development for Black.}) 10... Bxe6 11. h3
Nb4 12. Qd2 Qe4+ 13. Be2 Qxg2 14. Rf1 Nh2 15. Qxb4 O-O-O $19 {and White's
position has collapsed completely.} (15... Bxh3 16. Bf4 Nf3+ 17. Kd1 O-O-O+ $19
) 16. Nb5 (16. Bd2 Nxf1 17. Bxf1 Qe4+ $19) 16... cxb5 17. Bf4 (17. Qc5+ Kb8 $19
) 17... Qxf1+ $1 {This is a nice tactical liquidation to a winning _|_.} 18.
Bxf1 Nf3+ 19. Ke2 Nd4+ 20. Kd2 Nc6+ 21. Qd6 Rxd6+ 22. Bxd6 Bxc4 23. Kc3 Rd8 $19
{and Black has two extra pawns for nothing.} 24. Bf4 Bxf1 25. Rxf1 b4+ 26. Kc2
Rd5 27. Be3 Kd7 28. Rg1 g6 29. Rg4 a5 30. Rh4 h5 31. Rf4 f5 32. h4 b5 33. Rf3
Nd4+ 34. Bxd4 Rxd4 35. Rd3 Rxd3 36. Kxd3 g5 37. hxg5 h4 38. Ke2 f4 39. f3 Ke6
40. Kf2 Kf5 41. Kg2 Kxg5 42. Kh3 Kh5 43. Kg2 Kg6 44. Kh2 Kf6 45. Kh3 Ke5 46.
Kxh4 Kd4 0-1

[Event "RUS-chT 04th"]
[Site "Azov"]
[Date "1996.??.??"]
[Round "4"]
[White "Stripunsky, Alexander"]
[Black "Prokopchuk, Evgeny"]
[Result "0-1"]
[WhiteElo "2440"]
[BlackElo "2410"]
[Annotator "Makarichev,S"]
[PlyCount "72"]
[EventDate "1996.??.??"]
[EventType "team-tourn"]
[EventRounds "7"]
[EventCountry "RUS"]
[SourceTitle "CBM 056 Extra"]
[Source "ChessBase"]
[SourceDate "1997.03.01"]
[SourceVersion "1"]
[SourceVersionDate "1997.03.01"]
[SourceQuality "1"]
[WhiteTeam "Rostov-on-Don Don-SDYuSShOR"]
[BlackTeam "Noyabrsk Yamal"]
[WhiteTeamCountry "RUS"]
[BlackTeamCountry "RUS"]

1. e4 d5 2. exd5 Nf6 3. Bb5+ Bd7 4. Be2 Nxd5 5. d4 Bf5 6. Nf3 e6 7. O-O Be7 8.
a3 O-O 9. c4 Nb6 10. Nc3 Bf6 11. Be3 Nc6 12. h3 $6 (12. Rc1 $5 Qd7 13. b4 Rad8
14. Qb3 Nxd4 15. Bxd4 Bxd4 16. Rcd1 e5 17. Nb5 Qe7 18. c5 Nd5 19. Nbxd4 exd4
20. Nxd4 $40 {Tukmakov,V-Ubilava,E/URS(chT)/1979/)}) (12. b3 Qe7 13. c5 Nd5 14.
Nxd5 exd5 15. b4 $14 {Svidler,P-Terekhin,A/Petersburg op/1994/}) 12... Qd7 13.
g4 $6 Bg6 14. g5 Be7 15. b4 Rad8 $132 16. b5 Na5 17. Ne5 Qc8 18. h4 Bf5 $1 $17
{/\f7-f6} 19. c5 (19. Qc1 $2 Nb3) (19. Bd3 Bxd3 20. Qxd3 f6 $19) 19... Bxc5 20.
dxc5 Rxd1 21. Raxd1 Nd5 22. Nxd5 exd5 23. c6 (23. Rxd5 Qe6 24. Bf3 (24. Rfd1 c6
$19) 24... c6 $19) 23... bxc6 24. bxc6 Qe6 25. Bf3 Be4 $1 $19 (25... Qxe5 $2
26. Rxd5 $13) 26. Bxe4 dxe4 27. Bf4 (27. Nd7 Qg4+ $19) 27... Nxc6 28. Nxc6 Qxc6
29. Rc1 Qa4 30. Rc3 f6 31. gxf6 (31. Bxc7 Qd4 32. Re3 fxg5 33. hxg5 Rf5 34. Rg3
(34. Bg3 Rxg5 $19) 34... Qc5 $1) 31... Rxf6 32. Bxc7 Rf3 33. Rfc1 e3 $1 $19 34.
Bg3 exf2+ 35. Bxf2 Qg4+ 36. Kf1 Qh3+ 0-1

[Event "Dov Porath Memorial"]
[Site "Givataim"]
[Date "1998.??.??"]
[Round "3"]
[White "Manor, Ilan"]
[Black "Kaspi, Alexander"]
[Result "1-0"]
[WhiteElo "2515"]
[BlackElo "2525"]
[Annotator "Manor,I"]
[PlyCount "89"]
[EventDate "1998.05.10"]
[EventType "swiss"]
[EventRounds "7"]
[EventCountry "ISR"]
[SourceTitle "CBM 066"]
[Source "ChessBase"]
[SourceDate "1998.09.30"]
[SourceVersion "1"]
[SourceVersionDate "1998.09.30"]
[SourceQuality "1"]

1. e4 {Tsesarsky.} d5 2. exd5 Qxd5 3. Nf3 Nf6 4. c4 {'N' Tsesarsky.} (4. d4 c6
5. Be2 Bf5 6. O-O e6 7. Bf4 Qe4 8. Bxb8 Rxb8 9. c3 Bd6 10. Nbd2 Qc2 11. Nc4 Bc7
12. Qxc2 Bxc2 13. Nfe5 Nd7 14. Bd3 Nxe5 15. Nxe5 Bxd3 16. Nxd3 Ke7 $11 {
0-1 Seeman,T-Bagirov,V/Jyvaskyla op 1994 (71)}) 4... Qa5 (4... Qe4+ {Tsesarsky}
5. Be2 c5 6. Nc3 Qg6 7. O-O Bh3 8. Nh4 Qg5 9. Nb5 Na6 10. d3 Qxh4 11. g3 $18)
5. Nc3 (5. Be2 e5 6. O-O $11 {0-1 Manik,M-Karnik,P/Lazne Bohdanec-B 1997 (27)})
5... c5 (5... Nc6 $1 {Tsesarsky} 6. Qb3 $5 $132 (6. d4 Bg4 7. d5 O-O-O 8. Be2
e6 9. Bd2 Bxf3 10. Bxf3 Ne5 $15)) 6. d4 cxd4 7. Nxd4 Ne4 $1 {'=' Tsesarsky.} 8.
Ndb5 (8. Bd2 {Tsesarsky} Nxd2 9. Qxd2 e6 $15) 8... Nxc3 9. Nxc3 Nc6 10. Be2 $6
(10. Bd2 g6 $2 (10... Qd8 $11) 11. Nd5 Qd8 12. Bc3 $16) 10... g6 (10... Bf5 {
Tsesarsky} 11. Qd5 e6 12. Qxa5 Nxa5 13. Be3 (13. b3 Bb4 14. Bd2 O-O-O 15. Rc1
Ba3 16. Rd1 Bc2 $15) (13. Bg5 Rc8 14. Rd1 f6 15. Be3 Nxc4 16. Bxc4 Rxc4 17.
Bxa7 Bb4 $17) 13... Bb4 14. Rc1 Rc8 15. a3 $11) 11. Bd2 (11. O-O Bg7 12. Bd2
O-O 13. Nd5 $11) 11... Bg7 12. Nd5 Qd8 13. Bc3 Bxc3+ (13... O-O) (13... O-O $11
{Tsesarsky}) 14. Nxc3 Qxd1+ $2 (14... O-O $11) (14... O-O $142 $11 {Tsesarsky})
15. Rxd1 O-O 16. f4 $5 (16. O-O) 16... Be6 17. Kf2 Rfd8 18. Ke3 $14 {Whitehas
a lasting advantage due to his better king and pawn structure. moreover he has
space advantage.} Kf8 (18... Kg7 {Tsesarsky} 19. Ne4 (19. g4 h6 20. h4 f5 21.
g5 Bf7 22. b3 e5 $11) 19... b6 $11) 19. b3 {Tsesarsky: '[#]'} Rxd1 $2 {'?!'
Tsesarsky. Tsesarsky: ' ' Black should not exchange rooks.} (19... h5 20. Bf3
Bg4 {'=' Tsesarsky.} (20... Rac8 $11 {Tsesarsky}) 21. Rxd8+ Nxd8 22. Rd1 $14) (
19... Rac8 20. Ne4 Rxd1 21. Rxd1 Rd8 $14) (19... Bf5 {Tsesarsky} 20. g4 Bc2 21.
Rxd8+ Rxd8 22. Rc1 Nd4 23. Nb5 $16) (19... Ke8 {Tsesarsky} 20. Nb5 Rac8 21. Bf3
Bd7 $11 (21... a5 $14)) 20. Rxd1 Rd8 {'+/-?' Tsesarsky.} (20... Ke8 {Tsesarsky}
21. Nb5 Rc8 22. Bf3 h5 $11) 21. Rxd8+ Nxd8 22. Nb5 $1 {White wants to create
black holes for his marching king.} a6 (22... Nc6 23. Bf3 Bd7 24. g3 (24. g4 {
Tsesarsky} a6 25. Nd4 Nxd4 (25... Ke8 26. Nxc6 Bxc6 27. Bxc6+ bxc6 28. Kd4 Kd7
29. Kc5 Kc7 30. b4 $16) 26. Kxd4 b6 27. b4 Ke8 (27... a5 28. bxa5 bxa5 29. Kc5
$16 (29. c5 $16)) 28. c5 bxc5+ 29. Kxc5 Kd8 30. Kb6 Bc8 31. g5 $16) 24... a6
25. Nd4 Nxd4 26. Kxd4 b6 27. c5 $18) 23. Nc7 $1 {White cuts the black king.}
Bd7 {'+-?' Tsesarsky.} (23... Bc8 24. Kd4 (24. c5 {Tsesarsky} e6 25. b4 Ke7 $14
) 24... b6 25. Bf3 $16 (25. c5 Nc6+ 26. Kd5 (26. Kc4 Na5+ 27. Kb4 Nc6+ $11)
26... Nb4+ (26... Bb7 27. cxb6 Nb8+ 28. Kc5 Nd7+ (28... Bxg2 29. Nxa6 $18) 29.
Kb4 Nxb6 30. g3 $18) 27. Kc4 bxc5 28. a3 Nc2 29. Kxc5 Nxa3 30. Nxa6 $16)) 24.
b4 Bc6 25. g3 e6 26. Kd4 Ke7 27. Kc5 f6 (27... Kd7 {Tsesarsky} 28. Kb6 f6 29.
b5 axb5 30. cxb5 Be4 31. a4 Nf7 32. Bc4 Bf5 33. a5 $18) 28. b5 axb5 29. cxb5
Bg2 30. a4 Kd7 31. Kb6 (31. b6) 31... e5 (31... Nf7 {Tsesarsky} 32. Bc4 Bh3 33.
a5 Nd6 34. Bb3 h6 35. a6 bxa6 36. bxa6 Nc8+ 37. Kb7 Bg2+ 38. Kb8 $18) 32. fxe5
fxe5 33. a5 Kd6 34. a6 bxa6 35. bxa6 $18 Bc6 36. Nb5+ Ke7 37. a7 e4 38. Bc4 e3
39. Nd4 Ba8 40. Nc2 Nc6 41. Nxe3 Nxa7 42. Kxa7 Be4 43. Kb6 Kd6 44. Bg8 h5 45.
Nc4+ {1-0} 1-0

[Event "Corus"]
[Site "Wijk aan Zee"]
[Date "2010.01.31"]
[Round "13"]
[White "Nakamura, Hikaru"]
[Black "Tiviakov, Sergei"]
[Result "1-0"]
[WhiteElo "2708"]
[BlackElo "2662"]
[Annotator "Marin,M"]
[PlyCount "157"]
[EventDate "2010.01.16"]
[EventType "tourn"]
[EventRounds "13"]
[EventCountry "NED"]
[EventCategory "19"]
[SourceTitle "CBM 135"]
[Source "ChessBase"]
[SourceDate "2010.03.17"]
[SourceVersion "1"]
[SourceVersionDate "2010.03.17"]
[SourceQuality "1"]

1. e4 d5 2. exd5 Qxd5 3. Nf3 $5 Bg4 ({White's idea is revealed in the neutral
line. The queen will be driven back anyway, without spoiling the strategic
harmony in White's camp.} 3... Nf6 4. Be2 Bg4 5. h3 Bh5 6. d4 e6 7. O-O Be7 8.
c4 Qd8 9. Qb3 Qc8 10. Nc3 O-O 11. Rd1 Nbd7 12. Be3 a6 {Kaidanov,G (2580)
-Dzindzichashvili,R (2545)/Parsippany 1996/CBM 055 (1-0, 42)} 13. Rac1 $14 {
Kaidanov}) 4. Be2 Nc6 5. h3 Bxf3 6. Bxf3 Qe6+ 7. Qe2 Qxe2+ 8. Bxe2 Nd4 9. Bd1
e5 10. O-O O-O-O 11. d3 {Black has no immediate problems and even enjoys more
space. However, White's play seems to be a bit easier, thanks to his powerfull
light-squared bishop. It is hard to give a definitive evaluation, maybe
something like =/+/= is best.} g6 12. Re1 Bg7 13. Nd2 Ne7 14. c3 Ne6 15. Nf3
Nc6 16. Bc2 Rd6 17. Ng5 Ncd8 18. Nf3 Nc6 19. Nd2 Rd7 20. Ne4 f5 21. Ng5 Nc5 22.
Rd1 h6 23. Be3 hxg5 24. Bxc5 b6 25. Be3 Bf6 26. a4 Kb7 27. Kf1 Re8 28. Re1 Red8
29. b4 a5 30. bxa5 Nxa5 31. Rab1 Ka6 32. Red1 Rd6 33. Ke2 Rc6 34. Bd2 Ka7 35.
g4 Nb7 36. Bb3 Rcd6 37. Bf7 Be7 38. Bc1 Nc5 39. Bc4 Nb7 40. Ba3 c5 41. Kf1 Na5
42. Bb5 Bf6 43. Kg2 Kb7 44. Re1 Kc7 45. Rbd1 e4 46. d4 Rd5 47. Rb1 cxd4 48.
cxd4 Rxd4 49. Ba6 Rb8 50. Rec1+ Kd7 51. Bc5 Rd5 52. Bxb6 Nc6 53. Bc4 Rd2 54.
Rd1 Bc3 55. Be3 Rxb1 56. Rxb1 Rc2 57. Bb3 Re2 58. Kf1 Rb2 59. Rxb2 Bxb2 60.
gxf5 gxf5 61. Bxg5 Nd4 62. Bd1 Bc3 63. h4 Ke6 64. h5 Kf7 65. Be3 Nc6 66. Bb3+
Kf6 67. Bd5 Ne5 68. Bb6 Kg5 69. a5 Nd7 70. Bc7 Nc5 71. Bf7 Na6 72. Bd8+ Kh6 73.
Bg6 Nc5 74. Bb6 Bb4 75. Bxf5 Kxh5 76. Bxe4 Nxe4 77. a6 Nd2+ 78. Kg2 Nc4 79. Bd4
1-0

[Event "Corus"]
[Site "Wijk aan Zee"]
[Date "2010.01.17"]
[Round "2"]
[White "Ivanchuk, Vassily"]
[Black "Tiviakov, Sergei"]
[Result "1/2-1/2"]
[WhiteElo "2749"]
[BlackElo "2662"]
[Annotator "Marin,M"]
[PlyCount "113"]
[EventDate "2010.01.16"]
[EventType "tourn"]
[EventRounds "13"]
[EventCountry "NED"]
[EventCategory "19"]
[SourceTitle "CBM 135"]
[Source "ChessBase"]
[SourceDate "2010.03.17"]
[SourceVersion "1"]
[SourceVersionDate "2010.03.17"]
[SourceQuality "1"]

1. e4 d5 2. exd5 Qxd5 3. Nc3 Qd6 4. d4 Nf6 5. Nf3 c6 6. Ne5 Nbd7 7. Bf4 Nd5 8.
Nxd5 Qxd5 {Keeping the queen active from the very beginning of the game seems
to be one of Tiviakov's favourite methods in the Scandinavian.} 9. Nf3 ({
Against} 9. Be2 {Tiviakov did not shy away from taking the pawn, although this
meant moving again and again with his queen:} Nxe5 10. Bxe5 Qxg2 11. Bf3 Qg6
12. d5 Bg4 $1 {Anand,V (2792)-Tiviakov,S (2669)/Wijk aan Zee 2006/CBM 111/
[Finkel,A] (1/2, 50)}) 9... Nb6 10. Be2 Bf5 11. c3 ({Another example of, let
us call it "unpunishable greedyness" went:} 11. O-O Qe4 12. Bc7 Qxc2 13. Bxb6
Qxd1 14. Rfxd1 axb6 15. d5 g6 16. dxc6 bxc6 17. Rac1 Bg7 $1 {Black returns the
pawn for the sake of completing his dveelopment and enjoy the bishops pair.}
18. Rxc6 O-O $15 {Parligras,M (2611)-Tiviakov,S (2686)/Germany 2008/CBM 126
Extra (0-1, 33)}) 11... Qe4 $146 {Deviating from a previous game between the
same players, but foloing the aforementioned policy.} (11... e6 12. O-O Be7 {
Ivanchuk,V (2756)-Tiviakov,S (2670)/Hoogeveen 2009/CBM 133/[Tiviakov] (1/2, 59)
}) 12. Qd2 Qc2 13. Qxc2 Bxc2 $14 {After the exchange of queens, the endgame
looks holdable for Black, although in the game this happened not without
suffering from Black.} 14. Ne5 h5 15. O-O e6 16. Rfe1 Be7 17. h3 Rd8 18. g3 Bd6
19. Be3 Nd5 20. Bd2 h4 21. Rac1 Bh7 22. Bf3 hxg3 23. fxg3 O-O 24. Kg2 c5 25. a3
cxd4 26. cxd4 Rfe8 27. Nc4 Bc7 28. Ne3 Nxe3+ 29. Bxe3 Bb6 30. d5 e5 31. Bxb6
axb6 32. Red1 e4 33. Be2 e3 34. Bf3 Be4 35. Rd4 Bxf3+ 36. Kxf3 Rd6 37. Re1 Rf6+
38. Rf4 Rd6 39. Rxe3 Rxe3+ 40. Kxe3 Rxd5 41. Rd4 Re5+ 42. Kd3 Rf5 43. Kc4 b5+
44. Kb4 Rf3 45. Rg4 f6 46. Kxb5 Rb3+ 47. Rb4 Rxg3 48. h4 Rd3 49. a4 f5 50. Kb6
Rd7 51. a5 Rf7 52. Rf4 Kh7 53. b4 g5 54. hxg5 Kg6 55. b5 Kxg5 56. Rf1 f4 57. a6
1/2-1/2